[Event "Krakow op-A 30th"]
[Site "Krakow"]
[Date "2019.12.30"]
[Round "5"]
[White "Meers, Hubert"]
[Black "Englert, Jan"]
[Result "1/2-1/2"]
[WhiteElo "2161"]
[BlackElo "2124"]
[PlyCount "74"]
[EventDate "2019.12.27"]
[EventType "swiss"]
[EventRounds "9"]
[EventCountry "POL"]
[SourceTitle "CBM 195 Extra"]
[Source "ChessBase"]
[SourceDate "2020.05.31"]
[SourceVersion "1"]
[SourceVersionDate "2020.05.31"]
[SourceQuality "1"]

1. e4 e5 2. Nf3 d6 3. d4 Nf6 4. Nc3 Nbd7 5. Bc4 Be7 6. 0-0 0-0 7. a4 a5 8. Re1 c6 9. Bg5 Nb6 10. Bb3 Nfd7 11. Be3 Bf6 12. d5 Nc5 13. Bxc5 dxc5 14. Qd3 Qd6 15. Nd2 Bd7 16. Nc4 Nxc4 17. Bxc4 Rad8 18. Rad1 Qb8 19. Qe3 b6 20. dxc6 Bxc6 21. Bd5 Bd7 22. Qe2 Qc7 23. Nb5 Bxb5 24. Qxb5 Be7 25. Qb3 g6 26. Rd3 c4 27. Qxc4 Qxc4 28. Bxc4 Rxd3 29. Bxd3 Bc5 30. g3 Rd8 31. Kg2 Rd4 32. b3 Bb4 33. Re2 Bc3 34. h4 Kg7 35. g4 f6 36. f3 h6 37. Kf1 Rd8 1/2-1/2

[Event "Krakow op-A 30th"]
[Site "Krakow"]
[Date "2019.12.29"]
[Round "3"]
[White "Chmiel, Marcin"]
[Black "Englert, Jan"]
[Result "1-0"]
[WhiteElo "2230"]
[BlackElo "2124"]
[PlyCount "73"]
[EventDate "2019.12.27"]
[EventType "swiss"]
[EventRounds "9"]
[EventCountry "POL"]
[SourceTitle "CBM 195 Extra"]
[Source "ChessBase"]
[SourceDate "2020.05.31"]
[SourceVersion "1"]
[SourceVersionDate "2020.05.31"]
[SourceQuality "1"]

1. c4 d6 2. g3 e5 3. Bg2 Be7 4. e4 Nf6 5. Nc3 0-0 6. Nge2 c6 7. 0-0 Nbd7 8. d3 Nb6 9. Bg5 Ne8 10. Be3 f5 11. exf5 Bxf5 12. f4 exf4 13. Bxf4 Qd7 14. a4 Rd8 15. a5 Nc8 16. a6 Bf6 17. axb7 Qxb7 18. Be3 Bg4 19. Qd2 Bxe2 20. Nxe2 Nc7 21. Nd4 d5 22. Qc2 Nb6 23. Nb3 Ne6 24. Kh1 d4 25. Bd2 Qc7 26. Rae1 Rde8 27. Qd1 Nd7 28. Bb4 c5 29. Ba5 Qd6 30. Nd2 Qa6 31. b4 Bg5 32. Rxf8+ Ndxf8 33. Bd5 Bxd2 34. Qxd2 Kh8 35. bxc5 Rc8 36. c6 h6 37. Bxe6 1-0

[Event "Krakow op-A 30th"]
[Site "Krakow"]
[Date "2019.12.28"]
[Round "2"]
[White "Englert, Jan"]
[Black "Zaleski, Lukasz"]
[Result "1/2-1/2"]
[WhiteElo "2124"]
[BlackElo "2207"]
[PlyCount "53"]
[EventDate "2019.12.27"]
[EventType "swiss"]
[EventRounds "9"]
[EventCountry "POL"]
[SourceTitle "CBM 195 Extra"]
[Source "ChessBase"]
[SourceDate "2020.05.31"]
[SourceVersion "1"]
[SourceVersionDate "2020.05.31"]
[SourceQuality "1"]

1. c4 e5 2. Nc3 Nc6 3. a3 g6 4. e3 Bg7 5. Nf3 f5 6. d3 Nf6 7. Be2 0-0 8. 0-0 d6 9. Qc2 h6 10. b4 g5 11. b5 Ne7 12. Bb2 f4 13. exf4 gxf4 14. Nd2 Qe8 15. Bf3 Qg6 16. Nce4 Nh7 17. Qd1 Ng5 18. Bh5 Qf5 19. h3 Kh8 20. Bg4 Qg6 21. Bxc8 Raxc8 22. Qg4 Ne6 23. Qxg6 Nxg6 24. Nf3 Rfd8 25. Rfe1 c6 26. bxc6 bxc6 27. Rad1 1/2-1/2

[Event "Krakow op-A 29th"]
[Site "Krakow"]
[Date "2018.12.31"]
[Round "6"]
[White "Englert, Jan"]
[Black "Szczurek, Krzysztof"]
[Result "1/2-1/2"]
[WhiteElo "2106"]
[BlackElo "2212"]
[PlyCount "39"]
[EventDate "2018.12.27"]
[EventType "swiss"]
[EventRounds "9"]
[EventCountry "POL"]
[SourceTitle "CBM 189 Extra"]
[Source "ChessBase"]
[SourceDate "2019.06.03"]
[SourceVersion "1"]
[SourceVersionDate "2019.06.03"]
[SourceQuality "1"]

1. e4 c5 2. Nc3 a6 3. a4 d6 4. g3 Nf6 5. Bg2 g6 6. Nge2 Bg7 7. 0-0 0-0 8. d3 Nbd7 9. Be3 Rb8 10. Qc1 Re8 11. Rb1 b6 12. Bh6 Bh8 13. Bg5 Bb7 14. Re1 e6 15. h3 Qc7 16. Bf4 Ba8 17. Qd2 Red8 18. Bg5 Bc6 19. d4 cxd4 20. Nxd4 1/2-1/2

[Event "Krakow op-A 29th"]
[Site "Krakow"]
[Date "2018.12.29"]
[Round "3"]
[White "Rasmussen, Jonas H"]
[Black "Englert, Jan"]
[Result "1/2-1/2"]
[WhiteElo "1982"]
[BlackElo "2106"]
[PlyCount "101"]
[EventDate "2018.12.27"]
[EventType "swiss"]
[EventRounds "9"]
[EventCountry "POL"]
[SourceTitle "CBM 189 Extra"]
[Source "ChessBase"]
[SourceDate "2019.06.03"]
[SourceVersion "1"]
[SourceVersionDate "2019.06.03"]
[SourceQuality "1"]

1. d4 d6 2. Nf3 Bg4 3. g3 Bxf3 4. exf3 e6 5. Bg2 d5 6. 0-0 Be7 7. f4 Nf6 8. c4 0-0 9. Nc3 c6 10. f5 exf5 11. cxd5 Nxd5 12. Nxd5 cxd5 13. Qb3 Qd7 14. Qxd5 Qxd5 15. Bxd5 Nc6 16. Bxc6 bxc6 17. Be3 Bf6 18. Rac1 Rac8 19. Rc5 Rfd8 20. Rfc1 Bxd4 21. Bxd4 Rxd4 22. Rxc6 Rxc6 23. Rxc6 g6 24. Ra6 Rd7 25. Kg2 Kf8 26. b4 Rb7 27. a3 Ke8 28. Kf3 Re7 29. b5 Rb7 30. a4 Re7 31. Kf4 Kf8 32. a5 Re4+ 33. Kf3 Rb4 34. Rxa7 Rxb5 35. a6 Ra5 36. h4 Kg7 37. Kg2 Ra2 38. Ra8 h6 39. a7 h5 40. Kf3 Ra4 41. Ke3 Kf6 42. Kd3 Kg7 43. Kc3 Ra1 44. Kd4 Rd1+ 45. Kc5 Rc1+ 46. Kb4 Rb1+ 47. Kc4 Rc1+ 48. Kb3 Ra1 49. Kc2 Ra4 50. Kb2 Ra6 51. Kb3 1/2-1/2

[Event "Regionalliga SW 1415"]
[Site "Bayern"]
[Date "2015.02.22"]
[Round "7.8"]
[White "Englert, Jan"]
[Black "Baeuml, Manfred"]
[Result "1/2-1/2"]
[WhiteElo "2033"]
[BlackElo "1995"]
[PlyCount "80"]
[EventDate "2014.10.19"]
[EventType "team-tourn"]
[EventRounds "9"]
[EventCountry "GER"]
[SourceTitle "EXT 2018"]
[Source "ChessBase"]
[SourceDate "2017.10.13"]
[SourceVersion "1"]
[SourceVersionDate "2017.10.13"]
[SourceQuality "1"]
[WhiteTeam "Garching II"]
[BlackTeam "Bayern Muenchen III"]
[WhiteTeamCountry "GER"]
[BlackTeamCountry "GER"]

1. e4 e6 2. d3 d5 3. Nd2 Nf6 4. Be2 c5 5. f4 dxe4 6. dxe4 Bd7 7. Bf3 Bc6 8. Ne2 Be7 9. 0-0 0-0 10. a4 Qc7 11. c3 Rd8 12. Qc2 Nbd7 13. Nc4 b6 14. Be3 Qb7 15. Ng3 Rac8 16. e5 Nd5 17. Ne4 Nxe3 18. Nxe3 Qc7 19. Nc4 Bxe4 20. Bxe4 f5 21. Bf3 Nf8 22. Rfd1 Kf7 23. Qb3 Rxd1+ 24. Rxd1 Rd8 25. Kf2 Rxd1 26. Qxd1 Qd7 27. Qxd7 Nxd7 28. Ke3 g5 29. g4 fxg4 30. Bxg4 gxf4+ 31. Kxf4 Bf8 32. Ke4 a6 33. Bh5+ Ke7 34. Be2 Bg7 35. h3 b5 36. axb5 axb5 37. Nd6 Bxe5 38. Nxb5 Bb8 39. Na3 Nf6+ 40. Kd3 Nd5 1/2-1/2

[Event "Regionalliga SW 1011"]
[Site "Bayern"]
[Date "2011.04.10"]
[Round "9.4"]
[White "Englert, Jan"]
[Black "Baumgartl, Heinz"]
[Result "1-0"]
[WhiteElo "2065"]
[BlackElo "1908"]
[PlyCount "59"]
[EventDate "2010.10.10"]
[EventType "team-tourn"]
[EventRounds "9"]
[EventCountry "GER"]
[SourceTitle "EXT 2012"]
[Source "ChessBase"]
[SourceDate "2011.11.24"]
[SourceVersion "1"]
[SourceVersionDate "2011.11.24"]
[SourceQuality "1"]
[WhiteTeam "Garching II"]
[BlackTeam "Muenchen Schwabing"]
[WhiteTeamCountry "GER"]
[BlackTeamCountry "GER"]

1. d4 d6 2. e4 e5 3. Nf3 exd4 4. Nxd4 Nf6 5. Nc3 Be7 6. Nde2 0-0 7. g3 Re8 8. Bg2 Nbd7 9. 0-0 Bf8 10. Nf4 g6 11. Nfd5 Bg7 12. Bg5 h6 13. Nxf6+ Nxf6 14. Be3 Kh7 15. Qd2 Ng4 16. Bd4 Ne5 17. Nd5 Be6 18. Ne3 Nc6 19. Bc3 Bxc3 20. Qxc3 f6 21. f4 Bf7 22. Ng4 Kg7 23. e5 dxe5 24. Bxc6 bxc6 25. fxe5 h5 26. Nxf6 Re6 27. Rad1 Qb8 28. Nd7 Qb5 29. Nc5 Re7 30. e6+ 1-0

[Event "Regionalliga SW 1011"]
[Site "Bayern"]
[Date "2011.02.27"]
[Round "7.4"]
[White "Englert, Jan"]
[Black "Kuhnert, Josef"]
[Result "1/2-1/2"]
[WhiteElo "2065"]
[BlackElo "1992"]
[PlyCount "95"]
[EventDate "2010.10.10"]
[EventType "team-tourn"]
[EventRounds "9"]
[EventCountry "GER"]
[SourceTitle "EXT 2012"]
[Source "ChessBase"]
[SourceDate "2011.11.24"]
[SourceVersion "1"]
[SourceVersionDate "2011.11.24"]
[SourceQuality "1"]
[WhiteTeam "Garching II"]
[BlackTeam "Sonthofen"]
[WhiteTeamCountry "GER"]
[BlackTeamCountry "GER"]

1. d4 d5 2. Nc3 Nf6 3. Bg5 Bf5 4. e3 Nbd7 5. Bd3 Bxd3 6. cxd3 e6 7. Nf3 Be7 8. 0-0 0-0 9. Qb3 Rb8 10. Rac1 h6 11. Bh4 a6 12. Na4 b5 13. Nc5 Nxc5 14. dxc5 c6 15. Ne5 Qc7 16. d4 Rfc8 17. f3 Qd8 18. Nd3 a5 19. a4 b4 20. Bxf6 Bxf6 21. f4 Rb7 22. Rf3 g6 23. Rcf1 Bg7 24. Ne5 h5 25. Qd3 Ra7 26. Rg3 Qf6 27. b3 Qf5 28. Qe2 Qe4 29. Nf3 Bf6 30. Ne5 Bg7 31. Rgf3 f6 32. Nd3 e5 33. Nf2 Qf5 34. fxe5 Qe6 35. exf6 Bxf6 36. Qd3 Bg7 37. Nh3 Bh6 38. Rg3 Rg7 39. Ng5 Qe7 40. Nh3 Re8 41. Nf4 Qe4 42. Qxe4 Rxe4 43. Nxg6 Bxe3+ 44. Kh1 Bf2 45. Rg5 Kh7 46. Nf8+ Kg8 47. Ng6 Kh7 48. Nf8+ 1/2-1/2

[Event "Regionalliga SW 1011"]
[Site "Bayern"]
[Date "2010.10.10"]
[Round "1.3"]
[White "Englert, Jan"]
[Black "Tudosa, Daniel"]
[Result "1/2-1/2"]
[WhiteElo "2065"]
[BlackElo "1970"]
[PlyCount "82"]
[EventDate "2010.10.10"]
[EventType "team-tourn"]
[EventRounds "9"]
[EventCountry "GER"]
[SourceTitle "EXT 2012"]
[Source "ChessBase"]
[SourceDate "2011.11.24"]
[SourceVersion "1"]
[SourceVersionDate "2011.11.24"]
[SourceQuality "1"]
[WhiteTeam "Garching II"]
[BlackTeam "Tuerkheim/Bad Woerishofen"]
[WhiteTeamCountry "GER"]
[BlackTeamCountry "GER"]

1. e4 d6 2. d4 Nf6 3. Nc3 g6 4. Nf3 Bg7 5. Be2 0-0 6. 0-0 b6 7. Re1 c5 8. Bc4 cxd4 9. Nxd4 a6 10. a4 e6 11. Bb3 Qc7 12. Be3 Bb7 13. f3 Re8 14. Qd2 Nbd7 15. Rad1 Rad8 16. Qf2 Nc5 17. Ba2 d5 18. exd5 Nxd5 19. Bxd5 exd5 20. Bg5 Rc8 21. Be3 Qd7 22. Ra1 h5 23. Qd2 Re5 24. Bf2 Rxe1+ 25. Bxe1 Kh7 26. Bf2 Re8 27. b4 Ne6 28. Nxe6 Rxe6 29. Bd4 Bh6 30. Qf2 Qe7 31. b5 Qb4 32. f4 a5 33. Rb1 Qc4 34. Rd1 Bg7 35. Bxg7 Kxg7 36. Qd4+ Qxd4+ 37. Rxd4 Re1+ 38. Kf2 Rc1 39. Rd2 d4 40. Ne2 Rh1 41. Nxd4 Ra1 1/2-1/2

[Event "AUT-chT2W 0910"]
[Site "Austria"]
[Date "2010.03.14"]
[Round "11.5"]
[White "Hackbarth, Wolfgang"]
[Black "Englert, Jan"]
[Result "0-1"]
[WhiteElo "2123"]
[BlackElo "2146"]
[PlyCount "72"]
[EventDate "2009.10.23"]
[EventType "team-tourn"]
[EventRounds "11"]
[EventCountry "AUT"]
[SourceTitle "EXT 2011"]
[Source "ChessBase"]
[SourceDate "2010.11.26"]
[SourceVersion "1"]
[SourceVersionDate "2010.11.26"]
[SourceQuality "1"]
[WhiteTeam "Ranshofen"]
[BlackTeam "Kufstein"]
[WhiteTeamCountry "AUT"]
[BlackTeamCountry "AUT"]

1. c4 d6 2. d4 e5 3. dxe5 dxe5 4. Qxd8+ Kxd8 5. Nc3 c6 6. f4 Be6 7. e4 exf4 8. Bxf4 Nd7 9. 0-0-0 Ne7 10. Nf3 Ng6 11. Bg3 Bc5 12. Be2 Be3+ 13. Kc2 Bf4 14. Nd4 Bxg3 15. hxg3 Nge5 16. Rh5 Ke7 17. Nf5+ Bxf5 18. exf5 Nf6 19. Rh4 Rad8 20. Re1 Rhe8 21. Ne4 Nxe4 22. Rxe4 f6 23. Rh1 h6 24. Rhh4 Rd7 25. Rd4 Rxd4 26. Rxd4 c5 27. Rd5 b6 28. b3 Nc6 29. Bh5 Nb4+ 30. Kb2 Nxd5 31. Bxe8 Kxe8 32. cxd5 Kd7 33. Kc3 Kd6 34. Kc4 a6 35. a4 h5 36. g4 h4 0-1

[Event "Regionalliga SW 0910"]
[Site "Bayern"]
[Date "2010.02.28"]
[Round "7.4"]
[White "Englert, Jan"]
[Black "Amelang, Thomas"]
[Result "1/2-1/2"]
[WhiteElo "2073"]
[BlackElo "2047"]
[PlyCount "52"]
[EventDate "2009.10.18"]
[EventType "team-tourn"]
[EventRounds "9"]
[EventCountry "GER"]
[SourceTitle "EXT 2011"]
[Source "ChessBase"]
[SourceDate "2010.11.26"]
[SourceVersion "1"]
[SourceVersionDate "2010.11.26"]
[SourceQuality "1"]
[WhiteTeam "Garching II"]
[BlackTeam "Muenchen Siemens"]
[WhiteTeamCountry "GER"]
[BlackTeamCountry "GER"]

1. d4 c5 2. d5 Nf6 3. Nc3 e5 4. e4 d6 5. f4 Be7 6. Nf3 Nbd7 7. Be2 0-0 8. 0-0 exf4 9. Bxf4 Ne8 10. e5 dxe5 11. Nxe5 Nxe5 12. Bxe5 Bd6 13. Bxd6 Nxd6 14. Na4 c4 15. Qd4 Bf5 16. Rac1 Re8 17. Bf3 Qa5 18. Nc3 Qb6 19. Qxb6 axb6 20. a3 h6 21. Kf2 b5 22. Rfe1 Kf8 23. Rxe8+ Kxe8 24. Re1+ Kd7 25. Re2 Kc7 26. Rd2 Kb6 1/2-1/2

[Event "Regionalliga SW 0910"]
[Site "Bayern"]
[Date "2010.01.24"]
[Round "5.4"]
[White "Englert, Jan"]
[Black "Groenegress, Wilfried"]
[Result "1/2-1/2"]
[WhiteElo "2073"]
[BlackElo "1994"]
[PlyCount "39"]
[EventDate "2009.10.18"]
[EventType "team-tourn"]
[EventRounds "9"]
[EventCountry "GER"]
[SourceTitle "EXT 2011"]
[Source "ChessBase"]
[SourceDate "2010.11.26"]
[SourceVersion "1"]
[SourceVersionDate "2010.11.26"]
[SourceQuality "1"]
[WhiteTeam "Garching II"]
[BlackTeam "Tuerkheim/Bad Woerishofen"]
[WhiteTeamCountry "GER"]
[BlackTeamCountry "GER"]

1. d4 Nf6 2. Nc3 d5 3. Bg5 Nbd7 4. Qd3 e6 5. e4 dxe4 6. Nxe4 Be7 7. Nxf6+ Nxf6 8. Nf3 0-0 9. c3 b6 10. Be2 Bb7 11. 0-0 h6 12. Bh4 Ne4 13. Bxe7 Qxe7 14. Ne5 Nf6 15. Bf3 Bxf3 16. Qxf3 c5 17. Rad1 Rac8 18. h3 Qc7 19. Qe2 Rfd8 20. Nf3 1/2-1/2

[Event "AUT-chT2W 0910"]
[Site "Austria"]
[Date "2009.11.27"]
[Round "4.4"]
[White "Englert, Jan"]
[Black "Langwieser, Alexander"]
[Result "1/2-1/2"]
[WhiteElo "2146"]
[BlackElo "2049"]
[PlyCount "76"]
[EventDate "2009.10.23"]
[EventType "team-tourn"]
[EventRounds "11"]
[EventCountry "AUT"]
[SourceTitle "CBM 133 Extra"]
[Source "ChessBase"]
[SourceDate "2010.01.05"]
[SourceVersion "1"]
[SourceVersionDate "2010.01.05"]
[SourceQuality "1"]
[WhiteTeam "Kufstein"]
[BlackTeam "Dornbirn"]
[WhiteTeamCountry "AUT"]
[BlackTeamCountry "AUT"]

1. d4 d5 2. Nc3 c6 3. Bg5 Bf5 4. e3 Qb6 5. Rb1 Nd7 6. Bd3 Bxd3 7. Qxd3 e6 8. Nf3 Ngf6 9. 0-0 h6 10. Bh4 Be7 11. e4 dxe4 12. Nxe4 g5 13. Nxf6+ Bxf6 14. Bg3 0-0-0 15. c3 h5 16. Qe2 h4 17. Bd6 g4 18. Nd2 Rdg8 19. Nc4 Qd8 20. Bf4 Be7 21. Ne5 Nxe5 22. Qxe5 Kd7 23. Rfe1 Ke8 24. c4 Bf6 25. Qe2 Qxd4 26. Be3 Qe4 27. Bxa7 Qxe2 28. Rxe2 Rh5 29. Bb6 c5 30. Rd1 Bd4 31. Red2 Ke7 32. b4 g3 33. Bxc5+ Bxc5 34. bxc5 gxh2+ 35. Kxh2 Rxc5 36. Rd7+ Kf6 37. R1d4 Rf5 38. Rd2 Rfg5 1/2-1/2

[Event "Regionalliga SW 0910"]
[Site "Bayern"]
[Date "2009.11.15"]
[Round "2.5"]
[White "Rajic, Ivica"]
[Black "Englert, Jan"]
[Result "0-1"]
[WhiteElo "2104"]
[BlackElo "2073"]
[PlyCount "114"]
[EventDate "2009.10.18"]
[EventType "team-tourn"]
[EventRounds "9"]
[EventCountry "GER"]
[SourceTitle "EXT 2011"]
[Source "ChessBase"]
[SourceDate "2010.11.26"]
[SourceVersion "1"]
[SourceVersionDate "2010.11.26"]
[SourceQuality "1"]
[WhiteTeam "Bayern Muenchen III"]
[BlackTeam "Garching II"]
[WhiteTeamCountry "GER"]
[BlackTeamCountry "GER"]

1. d4 d6 2. Nf3 Bg4 3. Nbd2 Nf6 4. g3 e6 5. Bg2 c6 6. b3 Be7 7. Bb2 0-0 8. c4 d5 9. 0-0 Nbd7 10. Re1 Re8 11. a3 Bh5 12. h3 Rb8 13. Qc1 b5 14. c5 a5 15. Ne5 Nxe5 16. dxe5 Nd7 17. b4 f6 18. f4 fxe5 19. fxe5 Bg5 20. e3 a4 21. Qc3 Bh6 22. Qd4 Bg6 23. h4 Bf7 24. Nf3 g6 25. e4 Bg7 26. exd5 exd5 27. Bh3 Be6 28. Bxe6+ Rxe6 29. Qg4 Qe8 30. Qf4 Nf8 31. Re2 Re7 32. Rae1 Ne6 33. Qe3 Qf8 34. Ng5 Nxg5 35. Qxg5 Re6 36. Bd4 Rbe8 37. g4 Bh6 38. Rf2 Qxf2+ 39. Kxf2 Bxg5 40. hxg5 Rf8+ 41. Kg3 Kg7 42. Rh1 Rh8 43. Rh6 Rf8 44. Rh1 Rf7 45. Re1 Rfe7 46. Re3 Rf7 47. Re1 Kf8 48. Rh1 Ke8 49. Re1 Kd7 50. Rh1 Re8 51. Re1 Ke6 52. Re3 Ref8 53. Rd3 Rf1 54. Kg2 Rb1 55. Rd2 Rb3 56. Bb2 Rf4 57. Kh2 Rxg4 0-1

[Event "Krakow op-A 19th"]
[Site "Krakow"]
[Date "2008.12.31"]
[Round "6"]
[White "Englert, Jan"]
[Black "Zakoscielna, Kinga"]
[Result "1/2-1/2"]
[WhiteElo "2162"]
[BlackElo "2147"]
[PlyCount "26"]
[EventDate "2008.12.26"]
[EventType "swiss"]
[EventRounds "9"]
[EventCountry "POL"]
[SourceTitle "CBM 128 Extra"]
[Source "ChessBase"]
[SourceDate "2009.03.05"]
[SourceVersion "2"]
[SourceVersionDate "2009.03.25"]
[SourceQuality "1"]

1. d4 Nf6 2. Nc3 d5 3. Bg5 e6 4. Nf3 Be7 5. Bxf6 Bxf6 6. e4 dxe4 7. Nxe4 0-0 8. c3 b6 9. Bd3 Bb7 10. Qc2 h6 11. Nxf6+ Qxf6 12. Be4 Bxe4 13. Qxe4 Nd7 1/2-1/2

[Event "Krakow op-A 19th"]
[Site "Krakow"]
[Date "2008.12.27"]
[Round "1"]
[White "Pedersen, Nicolai Vesterbaek"]
[Black "Englert, Jan"]
[Result "1-0"]
[WhiteElo "2417"]
[BlackElo "2162"]
[PlyCount "61"]
[EventDate "2008.12.26"]
[EventType "swiss"]
[EventRounds "9"]
[EventCountry "POL"]
[SourceTitle "CBM 128 Extra"]
[Source "ChessBase"]
[SourceDate "2009.03.05"]
[SourceVersion "2"]
[SourceVersionDate "2009.03.25"]
[SourceQuality "1"]

1. d4 d6 2. e4 Nf6 3. Nc3 Nbd7 4. Nf3 e5 5. Bc4 Be7 6. 0-0 0-0 7. Re1 c6 8. a4 b6 9. b3 a6 10. Bd3 Re8 11. Bb2 Bf8 12. Ne2 Qc7 13. Ng3 Bb7 14. c4 g6 15. Qd2 Bg7 16. Rad1 Rad8 17. d5 c5 18. a5 Rf8 19. Rf1 Ra8 20. Ra1 Rfb8 21. axb6 Qxb6 22. Bc2 Bc8 23. Bc3 Qd8 24. h3 Nf8 25. Qe3 h6 26. Nd2 Kh7 27. f4 exf4 28. Qxf4 N8d7 29. Qxd6 Rb6 30. Ba5 Rxd6 31. Bxd8 1-0

[Event "Neckar op-A 11th"]
[Site "Deizisau"]
[Date "2007.04.05"]
[Round "1"]
[White "Englert, Jan"]
[Black "Solodovnichenko, Yuri"]
[Result "1/2-1/2"]
[WhiteElo "2121"]
[BlackElo "2585"]
[PlyCount "68"]
[EventDate "2007.04.05"]
[EventType "swiss"]
[EventRounds "9"]
[EventCountry "GER"]
[SourceTitle "EXT 2008"]
[Source "ChessBase"]
[SourceDate "2007.11.25"]
[SourceVersion "1"]
[SourceVersionDate "2007.11.25"]
[SourceQuality "1"]

1. e4 c5 2. d3 Nc6 3. f4 g6 4. Nf3 Bg7 5. Be2 d6 6. 0-0 Nf6 7. c3 0-0 8. Na3 a6 9. Nc2 c4 10. Nd2 cxd3 11. Bxd3 e5 12. Nc4 Be6 13. fxe5 dxe5 14. N2e3 b5 15. Na3 Na5 16. Qc2 Nb7 17. Be2 Rc8 18. Bf3 b4 19. Nb1 Nc5 20. c4 Qb6 21. b3 Nfxe4 22. Bxe4 Nxe4 23. Qxe4 f5 24. Qc2 e4 25. Bb2 Qxe3+ 26. Kh1 Rcd8 27. Bxg7 Kxg7 28. a3 Qd4 29. Ra2 a5 30. axb4 axb4 31. Ra4 Qd6 32. c5 Qd4 33. c6 Rf7 34. c7 Rc8 1/2-1/2

[Event "Munich-ch"]
[Site "Munich"]
[Date "2005.02.26"]
[Round "8"]
[White "Englert, Jan"]
[Black "Lentrodt, Thomas"]
[Result "0-1"]
[WhiteElo "2133"]
[BlackElo "2292"]
[PlyCount "100"]
[EventDate "2005.01.21"]
[EventType "tourn"]
[EventRounds "11"]
[EventCountry "GER"]
[SourceTitle "EXT 2007"]
[Source "ChessBase"]
[SourceDate "2006.11.23"]
[SourceVersion "1"]
[SourceVersionDate "2006.11.23"]
[SourceQuality "1"]

1. c4 c5 2. Nf3 Nc6 3. b3 Nf6 4. Bb2 d5 5. cxd5 Nxd5 6. e3 Bf5 7. a3 Nf6 8. d4 e6 9. Be2 Be7 10. 0-0 0-0 11. dxc5 Qxd1 12. Bxd1 Bxc5 13. b4 Be7 14. Ba4 Rac8 15. Nbd2 Bd3 16. Rfc1 b5 17. Bc2 Nxb4 18. Bxd3 Nxd3 19. Rxc8 Rxc8 20. Bd4 a6 21. Kf1 Rc1+ 22. Ke2 Rxa1 23. Bxa1 Nc5 24. Nd4 Nd5 25. Nb1 Nb6 26. Bc3 Kf8 27. Nc6 Bd6 28. Bd4 Nba4 29. Nc3 Nxc3+ 30. Bxc3 f6 31. Bb4 Ke8 32. Nd4 Kd7 33. h4 g6 34. g4 e5 35. Nc2 Kc6 36. f3 f5 37. gxf5 gxf5 38. f4 Kd5 39. fxe5 Bxe5 40. Bxc5 Kxc5 41. Kd3 h5 42. e4 fxe4+ 43. Kxe4 Bf6 44. Kd3 Bxh4 45. Nd4 Kd5 46. Ne2 Bg5 47. Nc3+ Kc6 48. a4 bxa4 49. Nxa4 h4 50. Ke4 Bf6 0-1

[Event "Munich-ch"]
[Site "Munich"]
[Date "2005.02.18"]
[Round "4"]
[White "Urankar, Hans Peter"]
[Black "Englert, Jan"]
[Result "1/2-1/2"]
[WhiteElo "2228"]
[BlackElo "2133"]
[PlyCount "89"]
[EventDate "2005.01.21"]
[EventType "tourn"]
[EventRounds "11"]
[EventCountry "GER"]
[SourceTitle "EXT 2007"]
[Source "ChessBase"]
[SourceDate "2006.11.23"]
[SourceVersion "1"]
[SourceVersionDate "2006.11.23"]
[SourceQuality "1"]

1. g3 Nf6 2. Bg2 e6 3. d3 d5 4. f4 c5 5. Nf3 Nc6 6. 0-0 Be7 7. Qe1 Qc7 8. e4 0-0 9. e5 Nd7 10. c4 Nb6 11. Qe2 Rd8 12. b3 dxc4 13. dxc4 Nd4 14. Qf2 Nxf3+ 15. Qxf3 Rb8 16. Be3 Bd7 17. Nc3 Bc6 18. Ne4 Rd3 19. Qf2 Rbd8 20. Rae1 Nc8 21. Qc2 R3d7 22. h4 b6 23. Re2 h6 24. Bf3 Bf8 25. Bh5 Ne7 26. Nd6 g6 27. Bg4 Nf5 28. Nxf5 exf5 29. Bh3 Be4 30. Qb2 Bd3 31. Bg2 Bxe2 32. Qxe2 Rd3 33. h5 Qd7 34. hxg6 fxg6 35. Bf3 Rxe3 36. Qxe3 Qd4 37. Qxd4 Rxd4 38. Rf2 Be7 39. Kf1 Kg7 40. Ke2 Bd8 41. Ke3 h5 42. Rg2 Be7 43. Be2 Bd8 44. Bd3 Be7 45. Kd2 1/2-1/2

[Event "Regionalliga SW 0203"]
[Site "Bayern"]
[Date "2003.01.26"]
[Round "5.8"]
[White "Abraham, Ludwig"]
[Black "Englert, Jan"]
[Result "0-1"]
[WhiteElo "1846"]
[BlackElo "1918"]
[PlyCount "108"]
[EventDate "2002.10.20"]
[EventType "team"]
[EventRounds "9"]
[EventCountry "GER"]
[SourceTitle "EXT 2004"]
[Source "ChessBase"]
[SourceDate "2003.11.25"]
[SourceVersion "1"]
[SourceVersionDate "2003.11.25"]
[SourceQuality "1"]
[WhiteTeam "Muenchen Suedost"]
[BlackTeam "Garching"]
[WhiteTeamCountry "GER"]
[BlackTeamCountry "GER"]

1. e4 d5 2. exd5 Qxd5 3. Nc3 Qa5 4. d4 c6 5. Nf3 Nf6 6. Bd2 Bf5 7. Bc4 e6 8. Nd5 Qd8 9. Ne3 Bg6 10. 0-0 Nbd7 11. Bb3 Ne4 12. Nc4 Nxd2 13. Qxd2 Qc7 14. Rad1 0-0-0 15. Qe3 Kb8 16. Nce5 Bd6 17. c4 Bh5 18. g3 Bxe5 19. dxe5 Bxf3 20. Qxf3 Nxe5 21. Qc3 Rxd1 22. Rxd1 Rg8 23. Bc2 g6 24. b4 Kc8 25. f4 Nd7 26. c5 Qd8 27. Qd4 Qe7 28. a4 Rd8 29. Qf2 a5 30. b5 Qxc5 31. bxc6 Qxf2+ 32. Kxf2 bxc6 33. Be4 Kc7 34. Rc1 c5 35. Bd3 Kd6 36. Bb5 Nb6 37. g4 Rc8 38. Rd1+ Nd5 39. Bc4 Rb8 40. Bb5 Rd8 41. Kf3 Kc7 42. Rc1 Kb6 43. f5 exf5 44. gxf5 Ne7 45. fxg6 fxg6 46. Re1 Nf5 47. Rb1 Nd6 48. Kf4 Nxb5 49. Rxb5+ Ka6 50. Rxc5 Rd4+ 51. Kg3 Rxa4 52. Rc7 h5 53. Rc6+ Kb5 54. Rxg6 Rg4+ 0-1